[Event "Niedersachsen-chT U14"]
[White "Tennert, Simon"]
[Black "Gisy, Roberto"]
[Site "Verden an der Aller"]
[Round "3.2"]
[Result "1/2-1/2"]
[Date "2009.05.22"]
[WhiteElo "1624"]
[BlackElo "1885"]
[PlyCount "63"]
[EventDate "2009.05.21"]
[EventType "team-tourn"]
[EventRounds "7"]
[EventCountry "GER"]
[SourceTitle "EXT 2010"]
[Source "ChessBase"]
[SourceDate "2010.11.25"]
[SourceVersion "1"]
[SourceVersionDate "2010.11.25"]
[SourceQuality "1"]
[WhiteTeam "Salzgitter"]
[BlackTeam "Hannover Polizei"]
[WhiteTeamCountry "GER"]
[BlackTeamCountry "GER"]

1. e4 e5 2. Nf3 Nc6 3. Bb5 a6 4. Ba4 Nf6 5. 0-0 Be7 6. Re1 b5 7. Bb3 d6 8. h3 Na5 9. c3 Nxb3 10. axb3 c5 11. d3 0-0 12. Nbd2 Bb7 13. Nf1 Nd7 14. Ne3 Nb6 15. Nf5 Bf6 16. c4 b4 17. Bd2 Nc8 18. Nh2 Ne7 19. Nxe7+ Qxe7 20. Ng4 Bg5 21. Qc1 Bxd2 22. Qxd2 Bc8 23. Nh2 Bb7 24. Nf1 Bc8 25. Re2 Qf6 26. Ne3 Be6 27. Nd5 Bxd5 28. exd5 Qg6 29. Qe3 f6 30. Ree1 Rfe8 31. Qe2 f5 32. f3 1/2-1/2

[Event "Hannover Region-ch"]
[White "Von Loeper, Bernd Friedrich"]
[Black "Gisy, Roberto"]
[Site "Hannover"]
[Round "5"]
[Result "0-1"]
[Date "2008.02.27"]
[WhiteElo "1453"]
[BlackElo "1775"]
[PlyCount "28"]
[EventDate "2008.01.12"]
[EventType "swiss"]
[EventRounds "7"]
[EventCountry "GER"]
[SourceTitle "EXT 2021"]
[Source "ChessBase"]
[SourceDate "2020.10.23"]
[SourceVersion "1"]
[SourceVersionDate "2020.10.23"]
[SourceQuality "1"]

1. e4 e5 2. Nc3 Nf6 3. f4 d5 4. fxe5 Nxe4 5. Nf3 Bg4 6. h3 Bxf3 7. Qxf3 Qh4+ 8. g3 Nxg3 9. Rg1 Ne4+ 10. Kd1 Nxc3+ 11. Qxc3 Qf2 12. Qxc7 Qxg1 13. Qc8+ Ke7 14. Qc7+ Nd7 0-1

[Event "Hannover Region-ch"]
[White "Gisy, Roberto"]
[Black "Kaase, Julian"]
[Site "Hannover"]
[Round "3"]
[Result "1-0"]
[Date "2008.02.09"]
[WhiteElo "1775"]
[BlackElo "1543"]
[PlyCount "49"]
[EventDate "2008.01.12"]
[EventType "swiss"]
[EventRounds "7"]
[EventCountry "GER"]
[SourceTitle "EXT 2021"]
[Source "ChessBase"]
[SourceDate "2020.10.23"]
[SourceVersion "1"]
[SourceVersionDate "2020.10.23"]
[SourceQuality "1"]

1. e4 c5 2. c3 d5 3. exd5 Qxd5 4. d4 Nf6 5. Nf3 e6 6. Be2 Be7 7. 0-0 0-0 8. Be3 cxd4 9. Nxd4 Rd8 10. Bf3 Qd7 11. Nd2 Nd5 12. Qe2 b6 13. c4 Nxe3 14. Qxe3 Bb7 15. N2b3 Bc5 16. Rfd1 Qe7 17. Nxc5 bxc5 18. Nf5 Qc7 19. Rxd8+ Qxd8 20. Bxb7 Qb6 21. Bxa8 Qb7 22. Bxb7 Nc6 23. Bxc6 e5 24. Qxe5 a6 25. Qe8# 1-0

[Event "Hannover-ch C/D"]
[White "Maetzig, Jonas"]
[Black "Gisy, Roberto"]
[Site "Bueckeburg"]
[Round "2"]
[Result "1-0"]
[Date "2007.11.01"]
[WhiteElo "1789"]
[BlackElo "1735"]
[PlyCount "57"]
[EventDate "2007.11.01"]
[EventType "swiss"]
[EventRounds "7"]
[EventCountry "GER"]
[SourceTitle "EXT 2021"]
[Source "ChessBase"]
[SourceDate "2020.10.23"]
[SourceVersion "1"]
[SourceVersionDate "2020.10.23"]
[SourceQuality "1"]

1. e4 e5 2. Nf3 Nc6 3. Bc4 Nf6 4. d3 Be7 5. 0-0 d5 6. exd5 Nxd5 7. Re1 f6 8. d4 Nb6 9. Bb5 exd4 10. Nxd4 Bd7 11. Nxc6 Bxc6 12. Bxc6+ bxc6 13. Qh5+ g6 14. Qf3 Qd5 15. Qxf6 0-0-0 16. Qxe7 Rhe8 17. Qxe8 Rxe8 18. Rxe8+ Kd7 19. Re1 Nc4 20. Nc3 Qa5 21. a3 Qb6 22. b3 Nd6 23. Be3 Qa5 24. Na4 Qf5 25. Nc5+ Kc8 26. c4 Kd8 27. Rad1 Kc8 28. b4 Nxc4 29. Bg5 1-0

[Event "Niedersachsen-chT U16"]
[White "Bor, Tobias"]
[Black "Gisy, Roberto"]
[Site "Stade"]
[Round "3.2"]
[Result "1/2-1/2"]
[Date "2007.05.18"]
[WhiteElo "1705"]
[BlackElo "1721"]
[PlyCount "90"]
[EventDate "2007.05.17"]
[EventType "team-tourn"]
[EventRounds "7"]
[EventCountry "GER"]
[SourceTitle "EXT 2008"]
[Source "ChessBase"]
[SourceDate "2007.11.25"]
[SourceVersion "1"]
[SourceVersionDate "2007.11.25"]
[SourceQuality "1"]

1. d4 d5 2. Nf3 Nf6 3. Bg5 Nbd7 4. e3 e6 5. c4 h6 6. Bh4 Be7 7. Nc3 0-0 8. Qc2 b6 9. cxd5 exd5 10. Bd3 Bb7 11. 0-0 Re8 12. Bg3 Nh5 13. Be5 Bf6 14. Bxf6 Nhxf6 15. Nb5 Ba6 16. Qa4 Nb8 17. Ne5 Nfd7 18. Nxd7 Qxd7 19. Rfd1 c6 20. Nc3 Bxd3 21. Rxd3 Re6 22. Ne2 Rg6 23. Nf4 Rf6 24. Rc3 Qf5 25. Rac1 Rd6 26. Nd3 a5 27. Ne5 b5 28. Qc2 Qxc2 29. R1xc2 Ra6 30. Rc1 f6 31. Nd3 b4 32. R3c2 Nd7 33. f3 Kf7 34. Nc5 Nxc5 35. Rxc5 Ke7 36. a3 Re6 37. Kf2 Kd7 38. Ra1 b3 39. a4 Re8 40. Ra3 Rb8 41. Ke2 Rb4 42. Kd3 Kd6 43. Kc3 g5 44. Kd3 h5 45. g3 Kd7 1/2-1/2

[Event "Niedersachsen-ch U12"]
[White "Gisy, Roberto"]
[Black "Schreiner, Till"]
[Site "Rotenburg/Wuemme"]
[Round "7"]
[Result "1/2-1/2"]
[Date "2007.04.04"]
[WhiteElo "1611"]
[BlackElo "1715"]
[PlyCount "64"]
[EventDate "2007.03.31"]
[EventType "swiss"]
[EventRounds "11"]
[EventCountry "GER"]
[SourceTitle "EXT 2008"]
[Source "ChessBase"]
[SourceDate "2007.11.25"]
[SourceVersion "1"]
[SourceVersionDate "2007.11.25"]
[SourceQuality "1"]

1. e4 c6 2. Nc3 d5 3. Nf3 g6 4. d4 Bg7 5. exd5 cxd5 6. Bb5+ Nc6 7. 0-0 Nh6 8. Ne5 Bd7 9. Nxd7 Qxd7 10. Bxh6 Bxh6 11. Qf3 e6 12. Rad1 0-0 13. h4 Bg7 14. h5 a6 15. Bxc6 bxc6 16. Na4 Rab8 17. Nc5 Qd6 18. Nb3 e5 19. c3 Rfe8 20. hxg6 fxg6 21. Qg3 Qd7 22. Nc5 Qd8 23. b3 Qa5 24. Nd7 Rbd8 25. Nxe5 Bxe5 26. dxe5 Qxa2 27. Ra1 Qxb3 28. Rxa6 Qc4 29. Rfa1 d4 30. cxd4 Qxd4 31. Qb3+ Qd5 32. Qxd5+ cxd5 1/2-1/2

[Event "Niedersachsen-ch U12"]
[White "Gisy, Roberto"]
[Black "Carmesin, Matthias"]
[Site "Rotenburg/Wuemme"]
[Round "5"]
[Result "1/2-1/2"]
[Date "2007.04.03"]
[WhiteElo "1611"]
[BlackElo "1660"]
[PlyCount "38"]
[EventDate "2007.03.31"]
[EventType "swiss"]
[EventRounds "11"]
[EventCountry "GER"]
[SourceTitle "EXT 2008"]
[Source "ChessBase"]
[SourceDate "2007.11.25"]
[SourceVersion "1"]
[SourceVersionDate "2007.11.25"]
[SourceQuality "1"]

1. e4 c5 2. c3 d5 3. exd5 Qxd5 4. d4 Nf6 5. Nf3 Bg4 6. Be2 cxd4 7. cxd4 e6 8. Nc3 Qa5 9. 0-0 Nc6 10. h3 Bh5 11. Bf4 a6 12. Qb3 Qb4 13. Qd1 Rd8 14. Be3 Be7 15. a3 Qa5 16. Qb3 b5 17. g4 Bg6 18. Nxb5 Rb8 19. Qc3 Qxc3 1/2-1/2

[Event "Niedersachsen-ch U12"]
[White "Gisy, Roberto"]
[Black "Gussenberg, Torben"]
[Site "Rotenburg/Wuemme"]
[Round "3"]
[Result "1-0"]
[Date "2007.04.01"]
[WhiteElo "1611"]
[BlackElo "1453"]
[PlyCount "107"]
[EventDate "2007.03.31"]
[EventType "swiss"]
[EventRounds "11"]
[EventCountry "GER"]
[SourceTitle "EXT 2008"]
[Source "ChessBase"]
[SourceDate "2007.11.25"]
[SourceVersion "1"]
[SourceVersionDate "2007.11.25"]
[SourceQuality "1"]

1. e4 c6 2. Nf3 d5 3. Nc3 Bg4 4. h3 Bh5 5. exd5 cxd5 6. g4 Bg6 7. Ne5 e6 8. Bb5+ Ke7 9. b3 Qd6 10. Nxg6+ hxg6 11. Qe2 Nc6 12. Bxc6 Qxc6 13. Ba3+ Kd7 14. Bxf8 Rxf8 15. 0-0-0 Rc8 16. Qe3 Nf6 17. f3 a6 18. Kb1 b5 19. Rc1 Qd6 20. Ne2 e5 21. d4 e4 22. g5 Nh5 23. fxe4 dxe4 24. Qxe4 Rhe8 25. Qg4+ Kd8 26. Rhf1 Rxe2 27. Qxe2 Ng3 28. Qf3 Nxf1 29. Rxf1 Rc7 30. Qa8+ Rc8 31. Qe4 Rc7 32. Re1 Qc6 33. d5 Qd7 34. d6 Rc6 35. Qe7+ Qxe7 36. Rxe7 Rxd6 37. Rxf7 Rd7 38. Rxd7+ Kxd7 39. c4 Kd6 40. Kc2 Kc5 41. Kc3 b4+ 42. Kd3 Kd6 43. Kd4 a5 44. c5+ Kc6 45. Kc4 Kc7 46. Kd5 Kd7 47. c6+ Kc7 48. Kc5 Kc8 49. Kb6 Kb8 50. c7+ Kc8 51. h4 a4 52. bxa4 b3 53. axb3 Kd7 54. Kb7 1-0

[Event "Hannover Region-ch"]
[White "Spiess, Thomas"]
[Black "Gisy, Roberto"]
[Site "Hannover"]
[Round "6"]
[Result "0-1"]
[Date "2007.03.24"]
[WhiteElo "1879"]
[BlackElo "1611"]
[PlyCount "106"]
[EventDate "2007.01.13"]
[EventType "swiss"]
[EventRounds "7"]
[EventCountry "GER"]
[SourceTitle "EXT 2021"]
[Source "ChessBase"]
[SourceDate "2020.10.23"]
[SourceVersion "1"]
[SourceVersionDate "2020.10.23"]
[SourceQuality "1"]

1. d4 d5 2. e3 Nf6 3. Nf3 Bg4 4. h3 Bh5 5. g4 Bg6 6. Ne5 e6 7. h4 h6 8. Nxg6 fxg6 9. Qd3 Kf7 10. h5 g5 11. Nd2 Bd6 12. Qg6+ Kf8 13. e4 dxe4 14. Nxe4 Bb4+ 15. c3 Qxd4 16. Nxf6 Bxc3+ 17. bxc3 Qxc3+ 18. Bd2 Qxa1+ 19. Ke2 Qxf6 20. Bb4+ Kg8 21. Bg2 Qe5+ 22. Kd3 Nc6 23. Bc3 Rd8+ 24. Kc2 Nd4+ 25. Bxd4 Qxd4 26. Qxe6+ Kf8 27. Qf5+ Qf6 28. Qc5+ Qd6 29. Qf5+ Kg8 30. Be4 b6 31. Rh3 Qf6 32. Rf3 Qxf5 33. Bxf5 Kf7 34. Bg6+ Ke6 35. Re3+ Kd6 36. Rd3+ Kc6 37. Be4+ Kc5 38. Rc3+ Kd4 39. f3 c5 40. Ra3 a5 41. Rb3 Rd6 42. Bg6 c4 43. Rb5 Rf8 44. Be4 Re8 45. Rf5 Re7 46. a4 c3 47. Rf8 Rc7 48. Bg6 Kc4 49. f4 Rf6 50. Bd3+ Kb4 51. Rd8 Rxf4 52. Rd5 Rf2+ 53. Kc1 Rc5 0-1

[Event "GER-chT U12"]
[White "Gisy, Roberto"]
[Black "Kotainy, Jens"]
[Site "Verden an der Aller"]
[Round "5.1"]
[Result "0-1"]
[Date "2006.12.29"]
[WhiteElo "1648"]
[BlackElo "1897"]
[PlyCount "102"]
[EventDate "2006.12.27"]
[EventType "team-swiss"]
[EventRounds "7"]
[EventCountry "GER"]
[SourceTitle "EXT 2008"]
[Source "ChessBase"]
[SourceDate "2007.11.25"]
[SourceVersion "1"]
[SourceVersionDate "2007.11.25"]
[SourceQuality "1"]
[WhiteTeam "Ricklingen U12"]
[BlackTeam "Hohenlimburg Turm U12"]
[WhiteTeamCountry "GER"]
[BlackTeamCountry "GER"]

1. e4 Nf6 2. e5 Nd5 3. d4 d6 4. c4 Nb6 5. exd6 cxd6 6. Nf3 g6 7. Be2 Bg7 8. 0-0 0-0 9. Nc3 Nc6 10. Be3 Bg4 11. h3 Bxf3 12. Bxf3 Nxc4 13. b3 Nxe3 14. fxe3 e5 15. d5 Ne7 16. e4 f5 17. Rc1 Rc8 18. Nb5 Qb6+ 19. Kh1 Qxb5 20. Be2 Rxc1 21. Bxb5 Rxd1 22. Rxd1 Rc8 23. Bd7 Rc3 24. Rf1 Bh6 25. Be6+ Kg7 26. exf5 gxf5 27. g4 Rc1 28. Rxc1 Bxc1 29. gxf5 Kf6 30. Kg2 Nxf5 31. Bxf5 Kxf5 32. Kf3 e4+ 33. Ke2 Ke5 34. a4 Kxd5 35. b4 Bf4 36. Kf2 Kc4 37. b5 d5 38. Ke2 Kb4 39. h4 Kxa4 40. b6 axb6 41. h5 b5 42. h6 b4 43. Kd1 b3 44. Ke2 b2 45. Kf2 b1Q 46. Kg2 Qc2+ 47. Kh3 e3 48. Kg4 e2 49. Kxf4 e1Q 50. Kg4 Qce4+ 51. Kg5 Q1h4# 0-1

[Event "GER-chT U12"]
[White "Gisy, Roberto"]
[Black "Schindlbeck, Tobias"]
[Site "Verden an der Aller"]
[Round "3.1"]
[Result "0-1"]
[Date "2006.12.28"]
[WhiteElo "1648"]
[BlackElo "1684"]
[PlyCount "107"]
[EventDate "2006.12.27"]
[EventType "team-swiss"]
[EventRounds "7"]
[EventCountry "GER"]
[SourceTitle "EXT 2008"]
[Source "ChessBase"]
[SourceDate "2007.11.25"]
[SourceVersion "1"]
[SourceVersionDate "2007.11.25"]
[SourceQuality "1"]
[WhiteTeam "Ricklingen U12"]
[BlackTeam "Ergolding FC U12"]
[WhiteTeamCountry "GER"]
[BlackTeamCountry "GER"]

1. e4 c5 2. c3 Nf6 3. e5 Nd5 4. d4 cxd4 5. cxd4 Nc6 6. Nf3 e6 7. a3 d6 8. exd6 Bxd6 9. Bd3 0-0 10. 0-0 a6 11. Nc3 Nf6 12. Bg5 Be7 13. Re1 b5 14. Rc1 Bb7 15. Bb1 Nd7 16. Qd3 g6 17. Bh6 Re8 18. Ne4 Nf6 19. Nc5 Bxc5 20. dxc5 Qxd3 21. Bxd3 Rad8 22. Bg5 Kg7 23. Be4 Nxe4 24. Bxd8 Nxd8 25. Ne5 Nf6 26. c6 Bc8 27. c7 Nb7 28. Nc6 Nd5 29. Na7 Na5 30. Rc5 Rf8 31. Rd1 Kf6 32. a4 Nb7 33. Rc6 Ke7 34. axb5 axb5 35. Nxb5 Bd7 36. c8Q Rxc8 37. Rxc8 Bxc8 38. Rc1 Bd7 39. Nc3 Nxc3 40. Rxc3 Nd6 41. Kf1 Ne4 42. Rc7 Kd6 43. Ra7 f5 44. Ke2 e5 45. Ra6+ Kc5 46. Ra7 Nf6 47. f3 Kd4 48. Rc7 e4 49. b4 Bb5+ 50. Kd2 e3+ 51. Kd1 Nd5 52. Rxh7 Nf4 53. Rh8 Nxg2 54. Kc2 0-1

[Event "GER North-chT U16"]
[White "Gisy, Roberto"]
[Black "Mau, Felix"]
[Site "Magdeburg"]
[Round "5.1"]
[Result "1-0"]
[Date "2006.08.28"]
[WhiteElo "1589"]
[BlackElo "1289"]
[PlyCount "53"]
[EventDate "2006.08.26"]
[EventType "team-tourn"]
[EventRounds "7"]
[EventCountry "GER"]
[SourceTitle "EXT 2007"]
[Source "ChessBase"]
[SourceDate "2006.11.23"]
[SourceVersion "1"]
[SourceVersionDate "2006.11.23"]
[SourceQuality "1"]

1. e4 e5 2. Nf3 Nc6 3. Nc3 Nf6 4. d4 exd4 5. Nxd4 Bb4 6. Nxc6 bxc6 7. Bd3 d5 8. exd5 cxd5 9. 0-0 0-0 10. Bg5 Be6 11. Qf3 c5 12. Rad1 Re8 13. Bb5 Rf8 14. Bxf6 Qxf6 15. Qxf6 gxf6 16. Nxd5 Ba5 17. Nxf6+ Kh8 18. Bd3 h6 19. b3 Bc3 20. Ne4 Bd4 21. c3 Be5 22. Nxc5 Bxc3 23. Nxe6 fxe6 24. Bc4 e5 25. Rd6 Kh7 26. Bd3+ Kg7 27. Rg6+ 1-0

[Event "GER-ch U12"]
[White "Gruber, Roland"]
[Black "Gisy, Roberto"]
[Site "Willingen"]
[Round "5"]
[Result "0-1"]
[Date "2006.06.05"]
[WhiteElo "1368"]
[BlackElo "1540"]
[PlyCount "82"]
[EventDate "2006.06.03"]
[EventType "swiss"]
[EventRounds "11"]
[EventCountry "GER"]
[SourceTitle "EXT 2007"]
[Source "ChessBase"]
[SourceDate "2006.11.23"]
[SourceVersion "1"]
[SourceVersionDate "2006.11.23"]
[SourceQuality "1"]

1. e4 e5 2. Nf3 Nc6 3. Bc4 Nf6 4. Ng5 d5 5. exd5 Nd4 6. c3 b5 7. cxd4 bxc4 8. dxe5 Qxd5 9. Nf3 Nd7 10. Nc3 Qe6 11. Nb5 Qb6 12. Nc3 Nc5 13. 0-0 Bd7 14. Qe2 Be6 15. Nd4 a6 16. Nxe6 Qxe6 17. f4 Nd3 18. Qf3 Bc5+ 19. Kh1 0-0 20. Ne4 Bd4 21. Rb1 Rab8 22. Nc3 Qb6 23. h3 Qa5 24. a3 Kh8 25. Qe2 Qb6 26. g3 Qg6 27. Ne4 Nf2+ 28. Nxf2 Qxb1 29. Qxc4 Bxb2 30. Bxb2 Qxb2 31. d4 Qb3 32. Qxc7 Qf3+ 33. Kg1 Qxg3+ 34. Kh1 Rb2 35. Qe7 Kg8 36. d5 Rxf2 37. Rxf2 Qxf2 38. Qg5 Rb8 39. Qg1 Qf3+ 40. Qg2 Rb1+ 41. Kh2 Qxf4+ 0-1

[Event "GER-ch U12"]
[White "Quaschner, Manuel"]
[Black "Gisy, Roberto"]
[Site "Willingen"]
[Round "3"]
[Result "1/2-1/2"]
[Date "2006.06.04"]
[WhiteElo "1394"]
[BlackElo "1540"]
[PlyCount "65"]
[EventDate "2006.06.03"]
[EventType "swiss"]
[EventRounds "11"]
[EventCountry "GER"]
[SourceTitle "EXT 2007"]
[Source "ChessBase"]
[SourceDate "2006.11.23"]
[SourceVersion "1"]
[SourceVersionDate "2006.11.23"]
[SourceQuality "1"]

1. e4 e5 2. Nf3 Nc6 3. Bc4 Nf6 4. Ng5 d5 5. exd5 Nd4 6. c3 b5 7. Bf1 Nxd5 8. cxd4 Qxg5 9. Bxb5+ Kd8 10. 0-0 Bb7 11. Qf3 Rb8 12. Qg3 Qxg3 13. hxg3 exd4 14. d3 Bd6 15. Nd2 a6 16. Bc4 c5 17. Ne4 Be7 18. Ng5 Bxg5 19. Bxg5+ f6 20. Bd2 Kd7 21. Rfe1 Rhe8 22. Rxe8 Rxe8 23. Re1 Rxe1+ 24. Bxe1 Nb6 25. Bb3 Bd5 26. Bxd5 Nxd5 27. Kf1 Kc6 28. Ke2 Kb5 29. Kd1 Nb4 30. Bxb4 Kxb4 31. Kc2 a5 32. f3 h5 33. g4 1/2-1/2

[Event "Niedersachsen-chT U14"]
[White "Carmesin, Matthias"]
[Black "Gisy, Roberto"]
[Site "Verden"]
[Round "4.1"]
[Result "1-0"]
[Date "2006.05.26"]
[WhiteElo "1379"]
[BlackElo "1540"]
[PlyCount "75"]
[EventDate "2006.05.25"]
[EventType "team-tourn"]
[EventRounds "7"]
[EventCountry "GER"]
[SourceTitle "EXT 2007"]
[Source "ChessBase"]
[SourceDate "2006.11.23"]
[SourceVersion "1"]
[SourceVersionDate "2006.11.23"]
[SourceQuality "1"]

1. e4 e5 2. Nf3 Nc6 3. Bb5 a6 4. Ba4 Nf6 5. 0-0 Be7 6. Re1 b5 7. Bb3 d6 8. h3 0-0 9. c3 Na5 10. Bc2 c5 11. a4 Bd7 12. d4 Qc7 13. Bg5 Nc4 14. b3 Nb6 15. a5 Nc8 16. dxe5 dxe5 17. Nxe5 Bxh3 18. Nd7 Bxd7 19. e5 Ne8 20. Bd2 g6 21. Bh6 Ng7 22. Nd2 Rd8 23. Qf3 Bc6 24. Be4 Na7 25. Bf4 Ne6 26. Be3 Ng5 27. Bxg5 Bxg5 28. Bxc6 Bxd2 29. Bxa8 Bxe1 30. Rxe1 Qxa5 31. Bd5 Qc7 32. c4 Nc8 33. e6 Nd6 34. exf7+ Nxf7 35. Qe4 Kh8 36. Qe6 Kg8 37. Qf6 Rd7 38. Re8# 1-0

[Event "Niedersachsen-ch U12"]
[White "Konow, Philipp"]
[Black "Gisy, Roberto"]
[Site "Rotenburg/Wuemme"]
[Round "9"]
[Result "0-1"]
[Date "2006.04.13"]
[WhiteElo "947"]
[BlackElo "1590"]
[PlyCount "40"]
[EventDate "2006.04.08"]
[EventType "swiss"]
[EventRounds "11"]
[EventCountry "GER"]
[SourceTitle "EXT 2007"]
[Source "ChessBase"]
[SourceDate "2006.11.23"]
[SourceVersion "1"]
[SourceVersionDate "2006.11.23"]
[SourceQuality "1"]

1. d4 d5 2. c4 Nc6 3. Nc3 dxc4 4. d5 Ne5 5. f4 Ng6 6. e4 e5 7. dxe6 Qxd1+ 8. Kxd1 fxe6 9. Bxc4 Bd7 10. Ke2 Bc5 11. Be3 Bxe3 12. Kxe3 Ke7 13. Nf3 Nf6 14. h3 Rhf8 15. g3 Ne8 16. e5 Bc6 17. Rhd1 Bxf3 18. Kxf3 Nxe5+ 19. Kg2 Nxc4 20. Rd4 Ne3+ 0-1

[Event "Niedersachsen-ch U12"]
[White "Gisy, Roberto"]
[Black "Jung, Marc Alexander"]
[Site "Rotenburg/Wuemme"]
[Round "10"]
[Result "1/2-1/2"]
[Date "2006.04.12"]
[WhiteElo "1590"]
[BlackElo "1128"]
[PlyCount "69"]
[EventDate "2006.04.08"]
[EventType "swiss"]
[EventRounds "11"]
[EventCountry "GER"]
[SourceTitle "EXT 2007"]
[Source "ChessBase"]
[SourceDate "2006.11.23"]
[SourceVersion "1"]
[SourceVersionDate "2006.11.23"]
[SourceQuality "1"]

1. e4 c5 2. c3 Nc6 3. d4 e6 4. Nf3 Nf6 5. Bg5 Be7 6. Bd3 cxd4 7. Nxd4 Nxd4 8. cxd4 h6 9. Bh4 Qb6 10. Qc2 Qxd4 11. 0-0 0-0 12. Nc3 a6 13. Rad1 Qa7 14. Kh1 Re8 15. Rc1 d6 16. f3 Bd7 17. Bf2 Qb8 18. Rfd1 b5 19. a3 Qb7 20. Qd2 Red8 21. Ne2 Rac8 22. Nd4 Rxc1 23. Rxc1 Rc8 24. Rd1 Qc7 25. Be3 Bf8 26. Rg1 e5 27. Ne2 Be6 28. Rc1 Qd7 29. Rg1 d5 30. Ng3 dxe4 31. Nxe4 Nxe4 32. fxe4 Bc4 33. Bxc4 Qxd2 34. Bxf7+ Kxf7 35. Bxd2 1/2-1/2